A cultural travel guide to gay and lesbian Amsterdam /

Guardat en:
Dades bibliogràfiques
Autor principal: Versteegen, Jos (Autor)
Format: Llibre
Idioma:anglès
Publicat: Haarlem : Gottmer, c1998
Etiquetes: Afegir etiqueta
Sense etiquetes, Sigues el primer a etiquetar aquest registre!

MARC

LEADER 00000nam a22000007i 4500
001 IT\ICCU\UBO\3555262
003 ItRI
005 20260115231958.0
008 090116s1998 ne |||||| ||||| |||||c
020 |a 9025729967 
040 |b ita  |c importazione bologna sebina 
041 7 |a eng  |2 ISO-639-2 
100 1 |a Versteegen, Jos  |0 IT\ICCU\UBOV\300393  |4 aut 
245 1 2 |a A cultural travel guide to gay and lesbian Amsterdam /  |c Jos Versteegen ; translated by Sandra R. Reijnhart. 
260 |a Haarlem :  |b Gottmer,  |c c1998 
300 |a 123 p. :  |b ill. ;  |c 17 cm 
500 |a Sulla cop.: Gay games Amsterdam 1998. 
942 |2 ddc  |c BK  |n 0 
952 |0 0  |1 0  |4 0  |6 DOC_914_923000000000000_VER  |7 0  |9 18373  |a BO  |b BO  |d 2026-01-15  |i 4943  |l 0  |o DOC 914.923 VER  |p BO4943  |r 2026-01-15 23:19:58  |w 2026-01-15  |x [Sebina 7] [1 v.]  |y BK  |z 1 v. 
999 |c 15549  |d 15549